MARC

LEADER 00000nam0a2200000 4500
001 98964
005 20231031111505.0
010 |a 5956001283 
035 |a (RuTPU)RU\TPU\book\106127 
090 |a 98964 
100 |a 20060623d2004 km y0rusy50 ca 
101 0 |a rus 
102 |a RU 
105 |a a z 000ad 
200 1 |a Загадки жизни и смерти  |f Э. Радзинский 
210 |a Москва  |c Вагриус  |d 2004 
215 |a 1247 с.  |c ил. 
600 1 |a Распутин  |g Григорий Ефимович  |b Г. Е.  |c настоящая фамилия Новых  |c крестьянин Тобольской губернии  |f 1864/1865-1916  |c авантюрист, "прорицатель", "целитель"  |2 stltpush  |3 (RuTPU)RU\TPU\pers\1157 
600 1 |a Сталин  |g Иосиф Виссарионович  |b И. В.  |f 1878-1953  |c российский политический и государственный деятель  |c Генеральный секретарь ЦК КПСС  |c настоящая фамилия Джугашвилли  |c псевдоним Коба  |2 stltpush  |3 (RuTPU)RU\TPU\pers\1058 
600 0 |a Николай  |d II  |f 1868-1918  |c последний российский император из династии Романовых (1894-1917)  |2 stltpush  |3 (RuTPU)RU\TPU\pers\336 
610 1 |a русская литература 
610 1 |a история 
610 1 |a исторические романы 
610 1 |a государственные деятели 
610 1 |a политические деятели 
610 1 |a Россия 
610 1 |a 19 век 
610 1 |a 20 век 
610 1 |a биографии 
675 |a Р2  |v 3 
686 |a Т3(2)52-8  |v LBC/SL-A  |2 rubbk 
686 |a Т3(2)6-8  |v LBC/SL-A  |2 rubbk 
700 1 |a Радзинский  |b Э.  |g Эдвард 
801 1 |a RU  |b 63413507  |c 20060623  |g PSBO 
801 2 |a RU  |b 63413507  |c 20080319  |g PSBO 
942 |c BK 
959 |a 57/20060619  |d 1  |e 538,78  |f ХФ:1